000 00611nam a22002297a 4500
003 UA-OsUOA
001 88479
007 ta
008 20121005b un ||||| |||| 00| 0 ukr d
100 _aПогребенник Ф.
090 _a82.09
_bП 43
942 _cBK
040 _aUA-OsUOA
_bukr
_cUA-OsUOA
_dUA-OsUOA
245 _aЛесь Мартович: життя і творчість
300 _a194 с.
955 _a3
041 _aukr
080 _a82.09
260 _aК.
_bДніпро
_c1971
650 7 _a82 Література. Літературознавство
_2UDC
999 _c374308
_d374308